00337nam a2200133Ia 4500008004100000041000800041082001500049100001600064245003000080250001400110260003600124300001200160650003100172231207s9999 xx 000 0 und d aeng a364.97/SHW aShawn Doyle aJumpstart Yoyr Motivation a2012 Ed. bEmbassy Book Distributor Mumbai aPB/168/ aComnputer Program Language